000
00258 a2200109 4500
082
_a
515 THO
100
_a
Thomas
245
_a
Calculus
_c
Thomas
250
_a
11th ed.
260
_a
islamabad :
_b
National Book Foundation,
300
_a
xvi, 1228p. :
_b
ill ., ;
_c
28 cm
650
_a
Calculus
999
_c
491
_d
491